Alfabet (sprint) - Statystyki

Ogólne statystyki
  • Ten quiz został rozwiązany 287 razy
  • Średni wynik to 22 z 26
Statystyki odpowiedzi
Hint Odpowiedź % Poprawnych
# A
98%
# B
95%
# D
95%
# E
95%
# C
92%
# F
91%
# G
90%
# I
88%
# H
87%
# J
86%
# L
86%
# K
85%
# M
84%
# O
84%
# R
84%
# N
82%
# P
82%
# U
81%
# T
80%
# S
78%
# W
77%
# Y
73%
# Z
70%
# X
68%
# Q
61%
# V
60%
Nie znaleziono quizów pasujących do podanych kryteriów
Rozkład punktacji
Procent ludzi z każdym wynikiem
Percentyl według liczby udzielonych odpowiedzi
Twoja historia wyników
Nie rozwiązałeś tego quizu